Statistics for Paradox Pokémon

Click here to take the quiz!

General Stats

  • This quiz has been taken 84 times
    (54 since last reset)
  • The average score is 14 of 18

Answer Stats

TypeAnswer% Correct
Ground/FightingGreat Tusk
92%
Fairy/PsychicScream Tail
92%
Ice/WaterIron Bundle
89%
Fighting/ElectricIron Hands
86%
Grass/DarkBrute Bonnet
81%
Ground/SteelIron Treads
81%
Electric/GroundSandy Shocks
81%
Water/DragonWalking Wake
81%
Ghost/FairyFlutter Mane
78%
Bug/FightingSlither Wing
78%
Fairy/FightingIron Valiant
75%
Fighting/DragonKoraidon
75%
Electric/DragonMiraidon
75%
Dragon/DarkRoaring Moon
75%
Dark/FlyingIron Jugulis
69%
Grass/PsychicIron Leaves
69%
Rock/ElectricIron Thorns
69%
Fire/PoisonIron Moth
67%

Score Distribution

Percentile by Number Answered

Percent of People with Each Score

Your Score History

You have not taken this quiz since the last reset